Pays de l'Europe Occidentale - Statistiques

Statistiques générales
  • Ce quiz a été pris 44 fois
  • Le résultat moyen est 9 sur 10
Statistiques - réponses
Réponse % Correct
France
100%
Allemagne
98%
Portugal
98%
Espagne
95%
Italie
95%
Royaume Uni
95%
Belgique
93%
Luxembourg
83%
Pays Bas
83%
Grèce
24%
Aucun quiz correspondant
Distribution des résultats
% des personnes avec chaque résultat
Percentile par nombre de réponses
Votre historique - résultats
Vous n’avez pas pris ce quiz